Common 5 Country Surnames Quiz Stats

Quiz Updated Apr 1, 2013

Challenge
Share
Tweet
Embed
Score 0/100 Timer 06:00
3 Plays Today
Country Surnames % Correct
UKSmith
96.7%
USASmith
96.7%
AustraliaSmith
96.7%
CanadaSmith
96.7%
UKJones
75.5%
USAJones
75.5%
AustraliaJones
75.5%
CanadaJones
75.5%
UKJohnson
72.9%
AustraliaJohnson
72.9%
CanadaJohnson
72.9%
USAJohnson
72.9%
UKBrown
57.7%
USABrown
57.7%
AustraliaBrown
57.7%
CanadaBrown
57.7%
UKWilliams
49.9%
USAWilliams
49.9%
AustraliaWilliams
49.9%
CanadaWilliams
49.9%
UKWhite
49%
USAWhite
49%
AustraliaWhite
49%
CanadaWhite
49%
UKJackson
46.8%
USAJackson
46.8%
UKThomas
30.9%
USAThomas
30.9%
AustraliaThomas
30.9%
FranceThomas
30.9%
UKWilson
29.3%
USAWilson
29.3%
AustraliaWilson
29.3%
CanadaWilson
29.3%
Country Surnames % Correct
USADavis
27.7%
USAAnderson
27.3%
AustraliaAnderson
27.3%
CanadaAnderson
27.3%
UKTaylor
26.1%
USATaylor
26.1%
AustraliaTaylor
26.1%
CanadaTaylor
26.1%
UKThompson
26.1%
USAThompson
26.1%
AustraliaThompson
26.1%
USAMiller
25.6%
USAMartin
24.3%
AustraliaMartin
24.3%
CanadaMartin
24.3%
FranceMartin
24.3%
FranceRobert
24.1%
USAHarris
21.2%
AustraliaLee
21.2%
CanadaLee
21.2%
AustraliaHarris
21.2%
UKRoberts
21.1%
FranceDavid
17.7%
FranceRichard
17.6%
CanadaLi
16.6%
UKLewis
14.7%
CanadaClark
14.6%
UKRobinson
13.6%
USARobinson
13.6%
AustraliaRobinson
13.6%
AustraliaKing
13.4%
UKEvans
12.4%
UKDavies
12.1%
USAGarcia
11.6%
Country Surnames % Correct
FranceGarcia
11.6%
UKWalker
11.2%
AustraliaWalker
11.2%
USAMoore
10.6%
CanadaChan
9.8%
USAMartinez
9.7%
UKWood
9.4%
UKWatson
9.3%
UKWright
9.2%
AustraliaKelly
7.2%
CanadaCampbell
6.5%
FranceSimon
5.9%
AustraliaRyan
5.7%
FranceMichel
4.7%
FranceDubois
4.7%
FranceBernard
4.3%
AustraliaNguyen
4.1%
FrancePetit
4.1%
CanadaRoy
3.7%
FranceVincent
3.6%
CanadaLam
3.4%
FranceLaurent
3.3%
CanadaTremblay
2.7%
FranceDurand
2.6%
FranceBertrand
2.5%
FranceLeroy
2.4%
FranceRoux
2.2%
FranceLefebvre
2.1%
FranceMoreau
2%
CanadaGagnon
1.9%
FranceFournier
1.7%
CanadaCote
1.6%

You're not logged in!

Compare scores with friends on all Sporcle quizzes.
Sign Up with Email
OR
Log In

You Might Also Like...

Show Comments

Extras

Top Quizzes Today


Score Distribution

Your Account Isn't Verified!

In order to create a playlist on Sporcle, you need to verify the email address you used during registration. Go to your Sporcle Settings to finish the process.